000 00912nam a2200253 a 4500
001 10052
003 CO-ViMGA
008 141112s2004 ck r 000 u spa d
020 _a9586430006
040 _aCO-ViMGA
_bspa
_cCO-ViMGA
082 0 4 _a986.04 C65s2
100 1 _aOcampo López ; Javier; Francisco de Paula Santander,
_911640
245 1 0 _aSantander y el Congreso de 1825 :
_bActas y correspondencia
260 _aBogotá :
_bFundación Francisco de Paula Santander,
_c1989
300 _a415p. : il.
490 _aBiblioteca de la Presidencia de la República Administracion Virgilio Barco
500 _aTomos I, II, III, IV, V.
650 1 4 _aCAMARA DE REPRESENTANTES
_911645
650 1 4 _aCOLOMBIA - ADMINISTRATIVA PUBLICA - 1825
_911643
650 1 4 _aCOLOMBIA - HISTORIA - 1825
_911641
650 1 4 _aCOLOMBIA - Política Y GOBIERNO 1825
_911642
650 1 4 _aSENADO
_911644
942 _2ddc
_cBK
999 _c21427
_d21427